<?xml version="1.0" encoding="UTF-8"?>
<marc:record xmlns:marc="http://www.loc.gov/MARC21/slim">
   <marc:leader>00000nam a2200000 a 4500</marc:leader>
   <marc:datafield ind1="1" ind2=" " tag="100">
      <marc:subfield code="a">Rögner, Doris</marc:subfield>
      <marc:subfield code="4">aut</marc:subfield>
      <marc:subfield code="e">Verfasser/-in</marc:subfield>
   </marc:datafield>
   <marc:datafield ind1=" " ind2=" " tag="653">
      <marc:subfield code="a">fest geb. : ca. Eur 11,50</marc:subfield>
   </marc:datafield>
   <marc:datafield ind1=" " ind2=" " tag="653">
      <marc:subfield code="a">Kinderrechte</marc:subfield>
   </marc:datafield>
   <marc:datafield ind1="0" ind2="0" tag="245">
      <marc:subfield code="a">Um sechs kommt Meier</marc:subfield>
   </marc:datafield>
   <marc:datafield ind1="0" ind2="0" tag="245">
      <marc:subfield code="c">Rögner, Doris</marc:subfield>
   </marc:datafield>
   <marc:datafield ind1=" " ind2="1" tag="264">
      <marc:subfield code="a">Linz</marc:subfield>
      <marc:subfield code="b">Kinderfreunde</marc:subfield>
      <marc:subfield code="c">2003</marc:subfield>
   </marc:datafield>
   <marc:datafield ind1="1" ind2=" " tag="520">
      <marc:subfield code="a">Witzig, eigenartig, seltsam - das ist "Meier"! (ab 6) (JE)      Das Buch kann auf zwei Weisen gelesen werden: Wer nur die große Schrift liest, respektive vorliest, hat ein Buch für etwa 5-Jährige. Wer alles lesen und anschauen will, hat ein 89-seitiges Buch vor sich. Die vorgestellten Kinder Nicki, David und Verena leben in einer betreuten Wohngemeinschaft gemeinsam mit "Opa" Johann und zwei Betreuern sowie einer Betreuerin zusammen. Ganz selten brauchen sie jemanden zum Babysitten - diesmal ist so ein Fall: "Meier" kommt! Bald kommen die Kinder drauf, dass Meier vom Planeten Estello kommt, auf dem die Rechte der Kinder sehr wichtig sind. Zusammen mit ihm bereisen sie in null komma nichts Estello und können sogar dort etwas ändern!  Ein ungewöhnliches Buch, das über Kinderrechte informiert, betreutes Wohnen als Thema auswählt und der Wahrheit/Wahrhaftigkeit mehr Augenmerk schenkt als dem Behüten und Verhindern! Empfohlen!  *bn* Angela Zemanek-Hackl</marc:subfield>
   </marc:datafield>
   <marc:datafield ind1=" " ind2=" " tag="020">
      <marc:subfield code="a">9783902257550</marc:subfield>
      <marc:subfield code="9">9783902257550</marc:subfield>
   </marc:datafield>
   <marc:datafield ind1=" " ind2=" " tag="020">
      <marc:subfield code="a">3902257555</marc:subfield>
      <marc:subfield code="9">3902257555</marc:subfield>
   </marc:datafield>
   <marc:datafield ind1=" " ind2=" " tag="041">
      <marc:subfield code="a">ger</marc:subfield>
   </marc:datafield>
   <marc:datafield ind1=" " ind2=" " tag="338">
      <marc:subfield code="a">Band</marc:subfield>
   </marc:datafield>
   <marc:datafield ind1=" " ind2=" " tag="300">
      <marc:subfield code="a">89 S. : Ill. (farb.)</marc:subfield>
   </marc:datafield>
</marc:record>
